Cukrovka - rizikové ochorenie súčasnej a aj budúcej spoločnosti

Bibliographic Details
Main Author: Kolesár, Pavol, 1929-2013 (Author)
Format: Article
Language:Slovak
Subjects:

MARC

LEADER 00000nab a2200000 a 4500
001 vtls000369545
003 SK-MaSNL
005 20260304175325.0
008 230120c1989 xo 0 slo
015 |a SNBRB19rr/mm-uuuuu 
035 |a CL0369667 
035 |a urn:nbn:sk:snk-ab6v8x 
035 |a (uuid)9e691ed2-51bb-481b-909b-202953ef4f76 
035 |a (urnnbn)urn:nbn:sk:snk:ar-a060ic 
035 |a (sysno)vtls000369545 
040 |a SNKBUCL  |b slo  |c SNKBUCL  |e AACR2 
041 0 |a slo 
044 |a xo  |c SK 
080 |a 616.379-008.64  |2 1981 
080 |a 613.2-058  |2 1981 
100 1 |a Kolesár, Pavol,  |d 1929-2013  |4 aut  |9 151119 
245 1 0 |a Cukrovka - rizikové ochorenie súčasnej a aj budúcej spoločnosti  |c Pavol Kolesár 
300 |b Obr. 2. 
650 0 7 |a diabetes mellitus  |2 snkbucl  |9 72741 
650 0 7 |a výživa  |2 snkbucl  |9 2615 
655 7 |a články z novín a časopisov  |2 snkbucl  |9 267496 
773 0 |t Výživa a zdravie  |g Roč. 34, č. 11 (1989), s. 205-207 
850 |a Slovenská národná knižnica v Martine  |a MTA001 
852 |a SNK  |b KIS3GCP 
954 |a odborná, vedecká literatúra pôvodná (slovenská)  |2 lita 
958 |a RK 
958 |a MI 
958 |a OND 
958 |a EUIPO 
958 |a article27 
992 |a RBX 
999 |c 3013003  |d 3014933